=LDR 00000nam 2200000 4500 =001 INLIS000000000031313 =005 20130612133407 =008 ***********************************ind** =035 ##$$0010-061300000031313 =041 ##$$a ind =082 ##$$a 641. 3 =090 ##$$a 641. 3 , Soe b =100 ##$$a Soenardi,Tuti =245 ##$$a Bekal sekolah untuk anak, Tuti Soenardi; editor, Intarina Hardiman, Diah Takarina Isdiono =260 ##$$a 2009 $b Jakarta =300 ##$$a 84 hlm. , ilus. , 18 cm =650 ##$$a Makanan =650 ##$$a Resep =700 ##$$a Hardiman,Intarina =850 ##$$a NBPNMAT